000 00468nam a2200145Ia 4500
008 170221s9999 xx 000 0 und d
100 _aLukka, Ville
245 _aAttitudes toward Facebook advertising
245 _cVille Lukka, Bangkok University; Paul T.J. James, Bangkok University.
260 _bJournal of Management and Marketing Research
260 _c2015
300 _a4 : 1
650 _xBusiness
856 _uhttp://www.aabri.com/manuscripts/131602.pdf
999 _c313145
_d313145